• 首页
  • 本馆介绍
  • 公告通知
  • 最新文献
  • 馆藏检索
  • 电子资源
  • 读者导购
  • 参考咨询
  • 我的图书馆
  • 登录
  • 详细信息显示
  • 放入我的书架
  • 预约/预借图书
  • 作者相关作品
  • 分类相关作品
  • 丛书相关作品
  • 出版社相关作品

书目信息

  • 表格格式
  • 工作单格式
  • 卡片格式
题名:
实用运动生理学
    
 
作者: 杨锡让 主编
分册:  
出版信息: 北京   北京体育大学出版社  1998.5
页数: 573页
开本: 32开
丛书名:
单 册:
中图分类: G804.2
科图分类:
主题词: 体育理论
电子资源:
ISBN: 7-81051-273-0
000 00583nam0 2200205 45
001 0011200953
005 20031219104047.4
010    @a7-81051-273-0@dCNY17.00
100    @a20001120d1998 km y0chiy0120 ea
101 0  @achi
105    @a z 000yy
200 1  @a实用运动生理学@AShi Yong Yun Dong Sheng Li Xue@f杨锡让主编@FYang Xi Rang Zhu Bian
205    @a2版,修订本
210    @a北京@c北京体育大学出版社@d1998.5
215    @a573页@d32开
606 0  @a体育理论
690    @aG804.2@v2
701  0 @a杨锡让@4主编
801    @aCN@bTSTC@c20001120
905    @b292989-993@dG804.2@e108=2@f5
    
    实用运动生理学/杨锡让主编.-2版,修订本.-北京:北京体育大学出版社,1998.5
    573页;32开
    
    
    ISBN 7-81051-273-0:CNY17.00
    
●
相关链接 在E读中查询图书 在五车中查询图书 在当当中查询图书 在豆瓣中查询图书


正题名:实用运动生理学     索取号:G804.2/108=2         预约/预借

序号 登录号 条形码 馆藏地/架位号 状态 备注
1 0292989   002929898   第四借阅区/ [索取号:G804.2/108=2] 在馆    
2 0292990   002929905   密集书库/ [索取号:G804.2/108=2] 在馆    
3 0292991   002929914   第四借阅区/ [索取号:G804.2/108=2] 在馆    
4 0292992   002929923   密集书库/ [索取号:G804.2/108=2] 在馆    
5 0292993   002929932   第一样本阅览室/ [索取号:G804.2/108=2] 在馆    
唐山师范学院图书馆 欢迎您!
大连网信软件有限公司© 版权所有